[Event "IECC M email"]
[Site "IECC email"]
[Date "1999.09.05"]
[Round "?"]
[White "Harris, Jeffrey"]
[Black "Hughes, Aubrey"]
[Result "1/2-1/2"]
[WhiteElo "991"]
[BlackElo "956"]
[PlyCount "50"]
[EventDate "1999.??.??"]
[EventType "tourn (corr)"]
[EventRounds "6"]
[SourceTitle "Corr 2008"]
[Source "ChessBase"]
[SourceDate "2008.06.24"]
[SourceVersion "1"]
[SourceVersionDate "2008.06.24"]
[SourceQuality "1"]

1. e4 e5 2. Nf3 Nc6 3. Bb5 Nf6 4. Bxc6 bxc6 5. 0-0 Nxe4 6. Qe2 d5 7. d3 Ba6 8. Nxe5 Bd6 9. Bf4 f6 10. Qh5+ g6 11. Nxg6 hxg6 12. Qxh8+ Kd7 13. Qxd8+ Rxd8 14. Bxd6 Nxd6 15. Re1 Nf5 16. g4 Nd4 17. Na3 Nf3+ 18. Kf1 Nxe1 19. Rxe1 Rb8 20. b3 Rh8 21. Kg2 Rh7 22. c4 Re7 23. Rxe7+ Kxe7 24. f4 Bc8 25. h3 Bd7 1/2-1/2

[Event "IECC M email"]
[Site "IECC email"]
[Date "1999.09.05"]
[Round "?"]
[White "Hughes, Aubrey"]
[Black "Harris, Jeffrey"]
[Result "1/2-1/2"]
[WhiteElo "958"]
[BlackElo "989"]
[PlyCount "49"]
[EventDate "1999.??.??"]
[EventType "tourn (corr)"]
[EventRounds "6"]
[SourceTitle "Corr 2008"]
[Source "ChessBase"]
[SourceDate "2008.06.24"]
[SourceVersion "1"]
[SourceVersionDate "2008.06.24"]
[SourceQuality "1"]

1. e4 e5 2. Bc4 Nf6 3. d3 d6 4. Nf3 h6 5. 0-0 Bg4 6. Nc3 Qd7 7. h3 Bxh3 8. gxh3 Qxh3 9. Nd5 Nxd5 10. Bxd5 c6 11. Bb3 g5 12. Nh2 h5 13. Qf3 Qxf3 14. Nxf3 g4 15. Ng5 f6 16. Ne6 Na6 17. Nxf8 Kxf8 18. f4 Ke7 19. fxe5 dxe5 20. Be3 h4 21. Rf2 h3 22. Kh2 Rh7 23. d4 Rg7 24. Rg1 c5 25. dxe5 1/2-1/2

[Event "IECC KO email"]
[Site "IECC email"]
[Date "1998.11.15"]
[Round "1"]
[White "Cherner, Lyle"]
[Black "Harris, Jeffrey"]
[Result "1/2-1/2"]
[WhiteElo "1322"]
[BlackElo "996"]
[PlyCount "47"]
[EventDate "1998.??.??"]
[EventType "tourn (corr)"]
[EventRounds "6"]
[SourceTitle "Corr 2008"]
[Source "ChessBase"]
[SourceDate "2008.06.24"]
[SourceVersion "1"]
[SourceVersionDate "2008.06.24"]
[SourceQuality "1"]

1. e4 e5 2. Nc3 Nf6 3. Bc4 c6 4. Nf3 d5 5. exd5 cxd5 6. Bb5+ Nc6 7. Nxe5 Qe7 8. Qe2 Bd7 9. Nxd7 Qxe2+ 10. Nxe2 Kxd7 11. d3 Re8 12. Bg5 a6 13. Bxf6 axb5 14. Bg5 Nd4 15. Kd1 Rxe2 16. Be3 Rxc2 17. Bxd4 Rc6 18. Rc1 f6 19. Re1 Bb4 20. Re2 Rhc8 21. Rcc2 Rxc2 22. Rxc2 Rxc2 23. Kxc2 Be7 24. Kc3 1/2-1/2